Numerical and experimental study of wave shaper effects on detonation wave front (Record no. 28648)

000 -LEADER
fixed length control field 00545nam a22002057a 4500
003 - CONTROL NUMBER IDENTIFIER
control field SCME
005 - DATE AND TIME OF LATEST TRANSACTION
control field 20170105105740.0
008 - FIXED-LENGTH DATA ELEMENTS--GENERAL INFORMATION
fixed length control field 160523t xxu||||| |||| 00| 0 eng d
040 ## - CATALOGING SOURCE
Transcribing agency SCME
100 ## - MAIN ENTRY--PERSONAL NAME
Personal name Naeem Khalid
9 (RLIN) 1360
245 ## - TITLE STATEMENT
Title Numerical and experimental study of wave shaper effects on detonation wave front
250 ## - EDITION STATEMENT
Edition statement 2016
260 ## - PUBLICATION, DISTRIBUTION, ETC.
Place of publication, distribution, etc. Islamabad
Date of publication, distribution, etc. 2016
300 ## - PHYSICAL DESCRIPTION
Dimensions 58p.
546 ## - LANGUAGE NOTE
Language note English
563 ## - BINDING INFORMATION
Binding note HBC
690 ## - LOCAL SUBJECT ADDED ENTRY--TOPICAL TERM (OCLC, RLIN)
Topical term or geographic name as entry element Engineering science
9 (RLIN) 1361
700 ## - ADDED ENTRY--PERSONAL NAME
Personal name Dr.Arshad Hussain
9 (RLIN) 1362
942 ## - ADDED ENTRY ELEMENTS (KOHA)
Source of classification or shelving scheme
Koha item type Reference
Call number prefix 620.110 N139N
Holdings
Withdrawn status Lost status Source of classification or shelving scheme Damaged status Not for loan Permanent Location Current Location Shelving location Date acquired Total Checkouts Full call number Barcode Date last seen Price effective from Koha item type
          Central Library (CL) Central Library (CL) Thesis 02/09/2020   620.11 CL-T-5023 02/09/2020 02/09/2020 Thesis
© 2023 Central Library, National University of Sciences and Technology. All Rights Reserved.